mysqli: Table './ulib62015/stat_globaluid' is marked as crashed and should be repaired
select id from stat_globaluid where statuid='20260518024330_4943'
mysqli: Table './ulib62015/stat_globaluid' is marked as crashed and should be repaired
DELETE FROM stat_globaluid
WHERE id NOT IN (
SELECT id
FROM (
SELECT id
FROM stat_globaluid
ORDER BY id DESC
LIMIT 100
) foo
);
mysqli: Table './ulib62015/stat_globaluid' is marked as crashed and should be repaired
insert into stat_globaluid set
statuid='20260518024330_4943',
dt='1779047010',
phpself='/ULIB62015/dublinfull.php',
agent='Mozilla/5.0 AppleWebKit/537.36 (KHTML, like Gecko; compatible; ClaudeBot/1.0; +claudebot@anthropic.com)',
yea='2026',
mon='5',
dat='18',
ip='216.73.216.45'
mysqli: Table './ulib62015/stathist_viewbib_bib_type' is marked as crashed and should be repaired
insert into stathist_viewbib_bib_type set
dat='18' ,
mon='05' ,
yea='2026' ,
statuid='20260518024330_4943' ,
head='32414' ,
foot='marc' ,
dt='1779047010'
| LEADER : 00000nam 2200000uu 4500 |
| 001 32414 |
| 003 ULIB |
| 008 100702s||||||||th 000 0 tha d |
| 020 ^a974-91968-6-4
|
| 082 0 ^aNC710^bศ861ส
|
| 100 0 ^aเศรษฐมันตร์ กาญจนกุล
|
| 245 00 ^aแสงเงา 6
|
| 260 ^aกรุงเทพฯ:^bเศรษฐศิลป์,^b2547.
|
| 300 ^a160 หน้า.
|
| 945 ^p199^l0^i013330
|
| 945 ^p0^l0^i013331 |
| 999 ^alib
|
| คุณยังไม่ได้ล็อกอิน คุณสามารถมีกิจกรรมร่วมกับเว็บไซต์ได้ แต่ต้องล็อกอินก่อน :: |
|
|
|
| ลำดับที่ |
ประเภท |
เลขเรียก/บาร์โค้ด |
สถานที่ |
สถานะ |
| 1. |
 หนังสือ | NC710 ศ861ส ฉ.1/ล.6 Barcode: 013330 | หนังสือทั่วไป | บนชั้น ขอยืม |
| 2. |
 หนังสือ | NC710 ศ861ส ฉ.2/ล.6 Barcode: 013331 | หนังสือทั่วไป | บนชั้น ขอยืม |
รายการใกล้เคียง
ผู้แต่ง [เศรษฐมันตร์ กาญจนกุล]
|
|
ยังไม่เคยถูกคอมเมนท์
|
| คอมเมนท์ทรัพยากรรายการนี้ |
|